<?xml version="1.0" encoding="UTF-8"?>
<record
    xmlns:xsi="http://www.w3.org/2001/XMLSchema-instance"
    xsi:schemaLocation="http://www.loc.gov/MARC21/slim http://www.loc.gov/standards/marcxml/schema/MARC21slim.xsd"
    xmlns="http://www.loc.gov/MARC21/slim">

  <leader>01165nam a2200301 i 4500</leader>
  <controlfield tag="001">193648</controlfield>
  <controlfield tag="003">ES-MaACL</controlfield>
  <controlfield tag="005">20250826063152.0</controlfield>
  <controlfield tag="007">ta</controlfield>
  <controlfield tag="008">240201s1934    sp     | |||| 000   spa  </controlfield>
  <datafield tag="040" ind1=" " ind2=" ">
    <subfield code="a">Es-MaACL</subfield>
  </datafield>
  <datafield tag="100" ind1="1" ind2=" ">
    <subfield code="a">P&#xE9;rez Bojart, Jos&#xE9;</subfield>
    <subfield code="e">aut</subfield>
    <subfield code="9">90671</subfield>
  </datafield>
  <datafield tag="245" ind1="1" ind2="3">
    <subfield code="a">El tesoro del Ateneo y sus guardadores /</subfield>
    <subfield code="c">Jos&#xE9; P&#xE9;rez Bojart</subfield>
  </datafield>
  <datafield tag="264" ind1=" " ind2="1">
    <subfield code="a">[Madrid] :</subfield>
    <subfield code="b">Ahora,</subfield>
    <subfield code="c">[1934]</subfield>
  </datafield>
  <datafield tag="300" ind1=" " ind2=" ">
    <subfield code="a">1 p&#xE1;gina : </subfield>
    <subfield code="b">3 ilustraciones ;</subfield>
    <subfield code="c">42 cm</subfield>
  </datafield>
  <datafield tag="336" ind1=" " ind2=" ">
    <subfield code="a">Texto</subfield>
    <subfield code="2">rdacontent</subfield>
  </datafield>
  <datafield tag="337" ind1=" " ind2=" ">
    <subfield code="a">sin mediaci&#xF3;n</subfield>
    <subfield code="2">rdamedia</subfield>
  </datafield>
  <datafield tag="338" ind1=" " ind2=" ">
    <subfield code="a">volumen</subfield>
    <subfield code="2">rdacarrier</subfield>
  </datafield>
  <datafield tag="500" ind1=" " ind2=" ">
    <subfield code="a">Fotocopia del art&#xED;culo de Jos&#xE9; P&#xE9;rez Bojart sobre la Biblioteca del Ateneo de Madrid, publicado en "Ahora", 6 de diciembre de 1934, p. 11</subfield>
  </datafield>
  <datafield tag="530" ind1=" " ind2=" ">
    <subfield code="a">Disponible en formato digital</subfield>
  </datafield>
  <datafield tag="610" ind1="2" ind2="4">
    <subfield code="a">Ateneo de Madrid. </subfield>
    <subfield code="b">Biblioteca</subfield>
    <subfield code="9">1951</subfield>
  </datafield>
  <datafield tag="655" ind1=" " ind2="4">
    <subfield code="a">Art&#xED;culos</subfield>
    <subfield code="9">175745</subfield>
  </datafield>
  <datafield tag="852" ind1="4" ind2=" ">
    <subfield code="a">ES-MaACL </subfield>
    <subfield code="c">DEPOF</subfield>
    <subfield code="j">2347-F-23 </subfield>
    <subfield code="9">201158</subfield>
  </datafield>
  <datafield tag="856" ind1=" " ind2=" ">
    <subfield code="u">https://hemerotecadigital.bne.es/hd/es/viewer?id=a1212c0d-63b6-48eb-8fa8-7505319c1440&amp;page=11</subfield>
    <subfield code="y">Versi&#xF3;n en l&#xED;nea</subfield>
    <subfield code="z">(Hemeroteca Digital)</subfield>
  </datafield>
  <datafield tag="942" ind1=" " ind2=" ">
    <subfield code="2">udc</subfield>
    <subfield code="c">ART_PRENSA</subfield>
    <subfield code="n">0</subfield>
  </datafield>
  <datafield tag="999" ind1=" " ind2=" ">
    <subfield code="c">193648</subfield>
    <subfield code="d">193648</subfield>
  </datafield>
  <datafield tag="952" ind1=" " ind2=" ">
    <subfield code="0">0</subfield>
    <subfield code="1">0</subfield>
    <subfield code="2">udc</subfield>
    <subfield code="4">0</subfield>
    <subfield code="7">0</subfield>
    <subfield code="8">Fondo_Ateneo_de_Madrid</subfield>
    <subfield code="a">ATENEOM</subfield>
    <subfield code="b">ATENEOM</subfield>
    <subfield code="c">DEPOF</subfield>
    <subfield code="d">2024-02-01</subfield>
    <subfield code="l">0</subfield>
    <subfield code="o">2347-F-23</subfield>
    <subfield code="p">101206620</subfield>
    <subfield code="r">2024-02-01 00:00:00</subfield>
    <subfield code="y">ART_PRENSA</subfield>
  </datafield>
</record>
